00278nam a2200097Ia 4500008004100000100002100041245002700062245002300089260000900112856005900121160531s9999 xx 000 0 und d aNtuli, Tobias M. aApoptosis and Medicine cby Tobias M. Ntuli c2012 uhttp://www.intechopen.com/books/apoptosis-and-medicine